Statistics for World Capitals By Letter - K

Click here to take the quiz!

General Stats

  • This quiz has been taken 57,245 times
  • The average score is 8 of 11

Answer Stats

CountryCapital City% Correct
UkraineKyiv
80%
JamaicaKingston
78%
St. Vincent & the GrenadinesKingstown
78%
NepalKathmandu
72%
D.R. CongoKinshasa
71%
MalaysiaKuala Lumpur
70%
AfghanistanKabul
67%
KuwaitKuwait City
63%
SudanKhartoum
60%
RwandaKigali
58%
UgandaKampala
57%

Score Distribution

Percentile by Number Answered

Percent of People with Each Score

Your Score History

You have not taken this quiz